El Partido demócrata cristiano guatemalteco y su desarrollo político e ideológico /
Guardat en:
| Autor principal: | |
|---|---|
| Format: | Thesis |
| Publicat: |
San José:
Universidad de Costa Rica
|
| Etiquetes: |
Afegir etiqueta
Sense etiquetes, Sigues el primer a etiquetar aquest registre!
|
MARC
| LEADER | 00000 a a2200000 04500 | ||
|---|---|---|---|
| 001 | 20424 | ||
| 003 | |||
| 040 | |a CRAI/IIS |c CRAI/IIS | ||
| 090 | |a 08549.00 | ||
| 100 | |a Montenegro Ríos, Carlos Roberto | ||
| 245 | |a El Partido demócrata cristiano guatemalteco y su desarrollo político e ideológico / |c Carlos Roberto Montenegro Ríos | ||
| 260 | |a San José: |b Universidad de Costa Rica | ||
| 300 | |a 74 páginas | ||
| 502 | |a Tesis (Licenciado en Sociología) -- Universidad de Costa Rica. Facultad de Ciencias Sociales. Escuela de Antropología y Sociología, 1980 | ||
| 999 | |c 18172 |d 18172 | ||
